000 00323nam a22001457a 4500
008 181031b xxu||||| |||| 00| 0 eng d
020 _a9780192139641
041 _aeng
080 _a038
082 _a038
100 _a23
101 _aFJA
245 _aThe Oxford Dictionary of popes
_cKelly.j.N.D
942 _2udc
_cBK
999 _c51226
_d51226